Las paradojas de la integración / exclusión en las prácticas educaticas. Efectos de discriminación o lazo social.
Guardat en:
| Autor principal: | |
|---|---|
| Altres autors: | |
| Format: | Llibre |
| Publicat: |
Buenos Aires, Argentina:
noveduc libros,
2012.
|
| Edició: | 1ª edición |
| Col·lecció: | Colección [dis]capacidad
|
| Matèries: | |
| Etiquetes: |
Afegir etiqueta
Sense etiquetes, Sigues el primer a etiquetar aquest registre!
|
MARC
| LEADER | 00000nam a22000007a 4500 | ||
|---|---|---|---|
| 003 | CL-VaPUC | ||
| 005 | 20230905153219.0 | ||
| 008 | 230707t2012 ||||| |||| 00| 0 eng d | ||
| 999 | |c 441317 |d 441315 | ||
| 020 | |a 978-987-538-341-8 | ||
| 040 | |c Pontificia Universidad Católica de Valparaíso | ||
| 082 | 7 | |a 371.1 JAC 2012 |2 22 | |
| 100 | 1 | |a Jacobo Cúpich, Zardel |e autora |9 883612 | |
| 245 | |a Las paradojas de la integración / exclusión en las prácticas educaticas. |b Efectos de discriminación o lazo social. | ||
| 250 | |a 1ª edición | ||
| 260 | |a Buenos Aires, Argentina: |b noveduc libros, |c 2012. | ||
| 300 | |a 222 páginas. | ||
| 490 | |a Colección [dis]capacidad |n 9. | ||
| 500 | |a c.1 Donación Elizabeth Donoso. Memo Donación/2023. | ||
| 583 | |c 20230707 |k Catalogador Asistente | ||
| 650 | 1 | |a Integración escolar |x Niños con discapacidad |9 884360 | |
| 650 | 1 | |a Educación inclusiva |9 560584 | |
| 650 | 1 | |a Educación especial |9 307486 | |
| 700 | |a Skliar, Carlos |e prólogo |9 884359 | ||
| 942 | |2 ddc |c BK |n 0 | ||
| 952 | |0 0 |1 0 |2 ddc |4 0 |6 371_100000000000000_JAC_2012 |7 0 |8 A |9 590690 |a BIBEDU |b BIBEDU |c GEN |d 2023-07-07 |e Donación |i 5657894 |l 1 |o 371.1 JAC 2012 |p 5657894 |r 2024-04-03 |s 2024-03-27 |t 1 |w 2023-07-07 |y BK |k EDI | ||